000 00866nam a2200241 a 4500
999 _c7942
_d7942
001 7942
003 BD-JhCC
005 20180215165722.0
008 180215s1996 bg |||| b||| 000 0 mul d
020 _a9844651042
035 _a(BD-JhCC)7942
040 _aBD-JhCC
_dBD-JhCC
041 _aBenglai and English
082 _a 330.95492
_bJUA 1996
100 _aজোয়ার্দার, গোলাম কাউসার,
245 _aবাংলাদেশের উন্নয়নে আধুনিক প্রযুক্তি /
_cগোলাম কাউসার জোয়ার্দার
260 _aঢাকা :
_bসাহিত্য প্রকাশ,
_c1996.
300 _a184 p. :
_c22 cm.
504 _aIncludes Bibliographical Reference.
650 _aEconomic History
_zBangladesh
942 _2ddc
_cBK